त्रिगाथा / (Record no. 115403)

MARC details
000 -LEADER
fixed length control field 00996nam a22002777a 4500
003 - CONTROL NUMBER IDENTIFIER
control field 0
005 - DATE AND TIME OF LATEST TRANSACTION
control field 20190225155149.0
008 - FIXED-LENGTH DATA ELEMENTS--GENERAL INFORMATION
fixed length control field 0
010 ## - LIBRARY OF CONGRESS CONTROL NUMBER
LC control number B-002877
020 ## - INTERNATIONAL STANDARD BOOK NUMBER
Terms of availability 120.00
International Standard Book Number 8185045925
035 ## - SYSTEM CONTROL NUMBER
System control number B-002877, B-002887, B-002904
037 ## - SOURCE OF ACQUISITION
Source of stock number/acquisition Cen Lib/Ret
040 ## - CATALOGING SOURCE
Original cataloging agency DPL
Language of cataloging HN
Transcribing agency 0
082 ## - DEWEY DECIMAL CLASSIFICATION NUMBER
Classification number
Item number दुबेच
100 ## - MAIN ENTRY--PERSONAL NAME
Personal name दुबे, चन्द्रशेखर
9 (RLIN) 43083
245 ## - TITLE STATEMENT
Title त्रिगाथा /
Statement of responsibility, etc चन्द्रशेखर दुबे
246 ## - VARYING FORM OF TITLE
Title proper/short title Trigatha /
Remainder of title by Chandrashekhar Dubey
260 ## - PUBLICATION, DISTRIBUTION, ETC. (IMPRINT)
Place of publication, distribution, etc दिल्ली
Name of publisher, distributor, etc दिशा प्रकाशन
Date of publication, distribution, etc 2000
270 ## - ADDRESS
Address 138/16, त्रिनगर
City दिल्ली
Postal code 110035
300 ## - PHYSICAL DESCRIPTION
Extent 136पृ.
Dimensions 20सेमी(सजिल्द)
650 ## - SUBJECT ADDED ENTRY--TOPICAL TERM
Topical term or geographic name as entry element हिंदी साहित्य
9 (RLIN) 61302
650 ## - SUBJECT ADDED ENTRY--TOPICAL TERM
Topical term or geographic name as entry element हिंदी उपन्यास
9 (RLIN) 61303
650 ## - SUBJECT ADDED ENTRY--TOPICAL TERM
Topical term or geographic name as entry element Hindi literature
9 (RLIN) 61304
650 ## - SUBJECT ADDED ENTRY--TOPICAL TERM
Topical term or geographic name as entry element Hindi fiction
9 (RLIN) 27248
942 ## - ADDED ENTRY ELEMENTS (KOHA)
Source of classification or shelving scheme Dewey Decimal Classification
Koha item type Hindi Books
Classification part
Call number suffix दुबेच
Holdings
Withdrawn status Lost status Damaged status Not for loan Home library Current library Date acquired Source of acquisition Cost, normal purchase price Total Checkouts Full call number Barcode Date last seen Copy number Cost, replacement price Price effective from Koha item type Source of classification or shelving scheme Public note Collection code
        Central Library Central Library 20/08/2015 Cen Lib/Ref 120.00   उ दुबेच B-002877 20/08/2015 1 120.00 20/08/2015 Hindi Books      
Written off       Central Library Central Library 25/10/2016 Cen Lib/Ret 120.00   उ दुबेच B-050878 25/10/2016 2 120.00 25/10/2016 Hindi Books Dewey Decimal Classification Written off on approval by DLB (By Circulation); dtd 15-06-2023  
        Shahdara Branch Shahdara Branch 25/02/2019 BPPD/PUB 120.00   उ दुबेच B-002904 25/02/2019   120.00 25/02/2019 Hindi Books Dewey Decimal Classification   Fiction
        Tri Nagar Tri Nagar 27/08/2018 BPPD/PUB 120.00   उ दुबेच B-002887 27/08/2018   120.00 27/08/2018 Hindi Books Dewey Decimal Classification   Fiction

© Delhi Public Library
Hit Counter
free hit counter